000 00823nam2a22002411 4500
001 RU\NLR\INFOCOMM6\ROSSICA\1000442595
005 20250613194703.0
035 _a(NLR Aleph) 009990374
090 _a9736876
_c9736876
100 _a20040504d1881 |||y0rusy50 ca
101 0 _ager
102 _aRU
105 _ay ||||000ay
200 0 _a1880
210 _d1881
_aБ. м.
461 0 _1001RU\NLR\INFOCOMM10\ROSSICA\1000072963
_12001#$aBericht$fSchule fur Kinder armer Eltern ausländischer Confessionen in St.Petersburg$v1880
_99574080
_cSt.Petersburg
_d1877-1882
_fSchule fur Kinder armer Eltern ausländischer Confessionen in St.Petersburg
_tBericht
_v1880
801 1 _aRU
_bInfoComm
_c20040504
801 0 _aRU
_bNLR
_gPSBO
852 _aNLR
_bCr
_j8° 1178
942 _cBOOK
980 _aNB
980 _aRossica